000 01212nam a22001457a 4500
999 _c519405
_d519405
008 220311b ||||| |||| 00| 0 eng d
100 _aBasso, Henrique S. and Rachedi, Omar
_932335
245 _aThe young, the old, and the government: Demographics and fiscal multipliers
260 _aAmerican Economic Journal: Macroeconomics
300 _a13(4), Oct, 2021: p.110-141
520 _aWe document that government spending multipliers depend on the population age structure. Using the variation in military spending and birth rates across US states, we show that the local fiscal multiplier is 1.5 and increases with the population share of young people, implying multipliers of 1.1–1.9 in the interquartile range. A parsimonious life cycle open economy New Keynesian model with credit market imperfections and age-specific differences in labor supply and demand explains 87 percent of the relationship between local multipliers and demographics. The model implies that the US population aging between 1980 and 2015 caused a 38 percent drop in national government spending multipliers. – Reproduced
773 _aAmerican Economic Journal: Macroeconomics
906 _aPUBLIC FINANCE
942 _cAR